Biblioteca

One race, one gospel, one task (Registro nro. 36610)

Detalles MARC
000 -LÍDER
Campo fijo de descripción fija 00916aam a2200313 i 4500
001 - NÚMERO DE CONTROL
Campo de control 768714001
003 - IDENTIFICADOR DEL NÚMERO DE CONTROL
Campo de control CO-MdFUSB
005 - FECHA Y HORA DE LA ULTIMA TRANSACCIÓN
control field 20251114171520.0
007 - CAMPO FIJO DE DESCRIPCIÓN FIJA--INFORMACIÓN GENERAL
Campo fijo de descripción fija ta
008 - ELEMENTOS DE LONGITUD FIJA -- INFORMACIÓN GENERAL
Campo fijo de descripción fija -- Información general 251114t1967 -us |||| |||| 00| 0 eng d
040 ## - FUENTE DE CATALOGACIÓN
Agencia que realiza la transcripción CO-MdFUSB
041 0# - CÓDIGO DE IDIOMA
Código de idioma para texto/pista de sonido o título separado eng
082 04 - NÚMERO DE CLASIFICACIÓN DECIMAL DEWEY
Número de la edición del Dewey 23
Número de clasificación 253.1
Clave de autor-Numero de item H5211o
110 ## - ASIENTO PRINCIPAL--NOMBRE CORPORATIVO
Nombre corporativo o de jurisdicción como elemento de entrada World Wide Publications,
245 10 - TÍTULO
Título del Material One race, one gospel, one task
Mención de responsabilidad, etc. / Editado por : Carl F. H. Henry , W. Stanley Mooneyham
264 #1 - PRODUCCIÓN, PUBLICACIÓN, DISTRIBUCIÓN, MANUFACTURA, Y COPYRIGHT
Nombre del productor, publicador, distribuidor World Wide Publications,
Lugar de producción, publicación, distribución, manufactura Minneapolis, MN., USA :
Fecha de producción, publicación, distribución, manufactura, o copyright [1967]
264 #4 - PRODUCCIÓN, PUBLICACIÓN, DISTRIBUCIÓN, MANUFACTURA, Y COPYRIGHT
Fecha de producción, publicación, distribución, manufactura, o copyright ©1967
300 ## - DESCRIPCIÓN FÍSICA
Extensión 319 páginas
336 ## - TIPO DE CONTENIDO
Término de tipo de contenido texto
Código de tipo de contenido txt
Fuente rdacontent
337 ## - TIPO DE MEDIO
Fuente rdamedia
Nombre del tipo de medio sin mediación
Código del tipo de medio n
338 ## - TIPO DE SOPORTE
Fuente rdacarrier
Nombre del tipo de soporte volumen
Código Tipo de soporte nc
563 ## - NOTA DE ENCUADERNACIÓN
Nota de encuadernación Pasta dura
650 #0 - ASIENTO SECUNDARIO DE MATERIA - TERMINO TEMÁTICO
Término temático o nombre geográfico como elemento de entrada Evangelización
9 (RLIN) 362
700 ## - ASIENTO SECUNDARIO - NOMBRE PERSONAL
Nombre personal Henry, Carl F.H,
9 (RLIN) 1802
Responsabilidad editor
700 ## - ASIENTO SECUNDARIO - NOMBRE PERSONAL
Nombre personal Mooneyham, W. Stanley,
9 (RLIN) 12035
Responsabilidad editor
942 ## - TIPO DE MATERIAL (KOHA)
Tipo de Item KOHA Libros General
945 ## - INFORMACIÓN LOCAL DEL REGISTRO
Catalogador JTF-925
Existencias
Estado de Material Estado de Perdido Volumen-Parte/Tomo Estado de Dañado No para Préstamo Colección Tomo Biblioteca de Origen Biblioteca Permanente Fecha de Adquisición Total de Préstamos Signatura Topográfica Código de Barras Última vez visto Ejemplar/Existencia Fecha de Remplazo Tipo de Material
    1     Colección General   Biblioteca FUSBC Biblioteca FUSBC 03/01/2005   G 253.1 H5211o 14786 12/12/2019 2 26/01/2016 Libros General
    2     Colección General   Biblioteca FUSBC Biblioteca FUSBC 03/01/2005   G 253.1 H5211o 5227 12/12/2019 1 26/01/2016 Libros General
    1     Colección General   Biblioteca FUSBC Biblioteca FUSBC 03/01/2005   G 253.1 H5211o 5226 12/12/2019 1 26/01/2016 Libros General
    2     Colección General   Biblioteca FUSBC Biblioteca FUSBC 03/01/2005   G 253.1 H5211o 14787 12/12/2019 2 26/01/2016 Libros General

Biblioteca FUSBC | Teléfono: (57+4) 349 88 10 Ext. 141| WhatsApp (+57) 3005338115 
E-mail: biblioteca@unisbc.edu.co | Calle 76 87-14 Robledo Palenque, Medellín, Colombia

Con tecnología Koha